|
|
|
|
| LEADER |
00000nas a2200000 a 4500 |
| 001 |
ssj0003780 |
| 003 |
WaSeSS |
| 005 |
20200512172242.0 |
| 006 |
m d |
| 007 |
cr n |
| 008 |
020531c19699999enkqr pss 0 0eng c |
| 010 |
|
|
|a 2005237200
|
| 015 |
|
|
|a GBB773863
|2 bnb
|
| 016 |
7 |
|
|a 1474602-5
|2 DE-600
|
| 016 |
7 |
|
|a 012088125
|2 Uk
|
| 022 |
|
|
|a 1475-6064
|l 0001-8678
|y 0001-8678
|
| 035 |
|
|
|a (WaSeSS)ssj0003780
|
| 040 |
|
|
|a TXH
|b eng
|c TXH
|d OCLCQ
|d EYM
|d HUL
|d MUQ
|d LGG
|d OCLCQ
|d OCLCO
|d OCLCQ
|d OCLCF
|d OCLCO
|d OCLCE
|d OCLCQ
|d OCLCO
|d OCLCQ
|d DEBBG
|d VT2
|d OCLCO
|d OCLCA
|d OCLCQ
|d DGU
|d UEJ
|d OCLCQ
|d NLE
|d BUF
|d U3W
|d AU@
|d OCLCO
|d UKMGB
|d OCLCA
|d OCL
|d SFB
|d OCLCQ
|d CNMTR
|d WaSeSS
|
| 042 |
|
|
|a pcc
|a dlr
|
| 050 |
1 |
4 |
|a QA273
|b .A34
|
| 130 |
0 |
|
|a Advances in applied probability (Online)
|
| 245 |
1 |
0 |
|a Advances in applied probability
|h [electronic resource].
|
| 260 |
|
|
|a Sheffield, England :
|b Applied Probability Trust,
|c 1969-
|
| 310 |
|
|
|a Quarterly,
|b 1974-
|
| 321 |
|
|
|a Two no. a year,
|b 1969-1971
|
| 321 |
|
|
|a 3 no. a year,
|b 1972-1973
|
| 362 |
0 |
|
|a Vol. 1, no. 1 (spring 1969)-
|
| 500 |
|
|
|a Title from title screen (JSTOR, viewed Aug. 10, 2005).
|
| 506 |
|
|
|a License restrictions may limit access.
|
| 538 |
|
|
|a Master and use copy. Digital master created according to Benchmark for Faithful Digital Reproductions of Monographs and Serials, Version 1. Digital Library Federation, December 2002.
|u http://purl.oclc.org/DLF/benchrepro0212
|5 MiAaHDL
|
| 538 |
|
|
|a Mode of access: World Wide Web.
|
| 583 |
1 |
|
|a digitized
|c 2010
|h HathiTrust Digital Library
|l committed to preserve
|2 pda
|5 MiAaHDL
|
| 588 |
|
|
|a Latest issue consulted: Vol. 33, no. 4 (Dec. 1991) (JSTOR, viewed Aug. 10, 2005).
|
| 650 |
|
0 |
|a Probabilities
|v Periodicals.
|
| 650 |
|
6 |
|a Probabilités
|v Périodiques.
|
| 650 |
|
7 |
|a Probabilities.
|2 fast
|0 (OCoLC)fst01077737
|
| 650 |
1 |
7 |
|a Waarschijnlijkheidstheorie.
|2 gtt
|
| 650 |
1 |
7 |
|a Toepassingen.
|2 gtt
|
| 650 |
|
2 |
|a Statistics as Topic.
|
| 650 |
|
2 |
|a Statistics as topic
|v Periodicals.
|
| 650 |
|
2 |
|a Mathematics.
|
| 650 |
|
2 |
|a Probability.
|
| 650 |
|
2 |
|a Statistics.
|
| 650 |
|
2 |
|a Mathematics
|v Periodicals.
|
| 650 |
|
2 |
|a Probability
|v Periodicals.
|
| 650 |
|
2 |
|a Statistics
|v Periodicals.
|
| 655 |
|
0 |
|a Electronic journals.
|
| 710 |
2 |
|
|a Applied Probability Trust.
|
| 776 |
0 |
8 |
|i Print version: Advances in applied probability
|x 0001-8678
|w (DLC) 73229880
|w (OCoLC)1461145
|
| 856 |
4 |
0 |
|z Full text available from Research Library: 07/01/2016 to 1 year ago
|u https://search.proquest.com/publication/31672
|